Logo BPK

Biblioteka

Politechniki Koszalińskiej

Soil dynamics and earthquake engineering V / (Rekord nr 29691)

Szczegóły MARC
000 -ETYKIETA REKORDU
podpole kontrolne o stałej długości 00547nam a2200169 i 4500
001 - NUMER KONTROLNY REKORDU
pole kontrolne bg
020 ## - MIĘDZYNARODOWY ZNORMALIZOWANY NUMER KSIĄŻKI - ISBN
ISBN 1853121533
040 ## - ŹRÓDŁO KATALOGOWANIA
Instytucja, która utworzyła rekord BPK
041 ## - KOD JĘZYKA
Kod języka tekstu pol
920 ## - Międzynarodowy znormalizowany numer książki – ISBN
ISBN 1-85312-153-3
008 - POLE O STAŁEJ DŁUGOŚCI - DANE KONTROLNE
podpole kontrolne o stałej długości s pl f |000 0 pol
245 #0 - TYTUŁ/ODPOWIEDZIALNOŚĆ
Tytuł Soil dynamics and earthquake engineering V /
Pozostałe elementy strefy tytułu i oznaczenia odpowiedzialności ed. by IBF, Institut fur Bodenmechanik und Felsmechanik, Universitat Karlsruhe.
260 ## - STREFA ADRESU WYDAWNICZEGO
Miejsce wydania Southampton :
Nazwa wydawcy/dystrybutora Computational Mechanics Publ.,
Data publikacji, dystrybucji/powstania dokumentu 1991.
710 ## - HASŁO DODATKOWE - NAZWA CIAŁA ZBIOROWEGO
Nazwa ciała zbiorowego lub jednostki geograficznej Institut fur Bodenmechanik und Felsmechanik
710 ## - HASŁO DODATKOWE - NAZWA CIAŁA ZBIOROWEGO
Nazwa ciała zbiorowego lub jednostki geograficznej Unversitat Karlsruhe
856 ## - LOKALIZACJA I DOSTĘP DO ELEKTRONICZNYCH DOKUMENTÓW ZDALNYCH
Link (URL) http://koha.tu.koszalin.pl/cgi-bin/koha/opac-detail.pl?biblionumber=29691
Tekst linku Katalog online BPK
942 ## - DODATKOWE ELEMENTY (KOHA)
Typ dokumentu Książka
Egzemplarze
Wycofany Status egzemplarza Uszkodzony Dostępność Lokalizacja stała Lokalizacja bieżąca Miejsce przechowywania Sygnatura Kod kreskowy Typ dokumentu
      Dostępny Biblioteka Politechniki Koszalińskiej Biblioteka Politechniki Koszalińskiej Wypożyczalnia BG 35962 01172188 Książka
© 2023 Biblioteka Politechniki Koszalińskiej :: KOHA